Vista normal Vista MARC

Entrada Topical Term

Número de registros utilizados en: 1

001 - CONTROL NUMBER

  • control field: 61901

003 - CONTROL NUMBER IDENTIFIER

  • control field: OSt

005 - DATE AND TIME OF LATEST TRANSACTION

  • control field: 20250801162552.0

008 - FIXED-LENGTH DATA ELEMENTS

  • fixed length control field: 250801|| aca||aabn | a|a d

040 ## - CATALOGING SOURCE

  • Original cataloging agency: OSt
  • Transcribing agency: OSt

150 ## - HEADING--TOPICAL TERM

  • Topical term or geographic name entry element: METALISTERIA

670 ## - SOURCE DATA FOUND

  • Source citation: Work cat.: (OSt)21615: Correa, Luis Guillermo 13361, Trabajo Mecanico de los Metales, 1985









Instituto Departamental de Cultura del Meta - Red Departamental de Bibliotecas Públicas del Meta.